Normal view
MARC view
- Aguirre, Ann.
Entry Personal Name
001 - CONTROL NUMBER
- control field: 14168
003 - CONTROL NUMBER IDENTIFIER
- control field: NUST
005 - DATE AND TIME OF LATEST TRANSACTION
- control field: 20190425064300.0
008 - FIXED-LENGTH DATA ELEMENTS
- fixed length control field: 190425|| aca||aabn | a|a d
040 ## - CATALOGING SOURCE
- Original cataloging agency: NUST
- Transcribing agency: NUST
100 ## - HEADING--PERSONAL NAME
- Personal name: Aguirre, Ann.
670 ## - SOURCE DATA FOUND
- Source citation: Work cat.: (NUST)0: Aguirre, Ann., Shady lady :, 2011.
